SAMSON WRIGHTS APPLIED PHYSIOLOGY (Record no. 2616)

MARC details
000 -LEADER
fixed length control field 00360nam a2200145Ia 4500
008 - FIXED-LENGTH DATA ELEMENTS--GENERAL INFORMATION
fixed length control field 150201s2000 xx 000 0 und d
082 ## - DEWEY DECIMAL CLASSIFICATION NUMBER
Classification number 612
Item number S2000K
100 ## - MAIN ENTRY--PERSONAL NAME
Personal name KEELE
245 ## - TITLE STATEMENT
Title SAMSON WRIGHTS APPLIED PHYSIOLOGY
250 ## - EDITION STATEMENT
Edition statement 13TH
260 ## - PUBLICATION, DISTRIBUTION, ETC. (IMPRINT)
Name of publisher, distributor, etc. OXFORD UNIVERSITY PRESS
Place of publication, distribution, etc. NEW DELHI
Date of publication, distribution, etc. 2000
300 ## - PHYSICAL DESCRIPTION
Extent 1-613
650 ## - SUBJECT ADDED ENTRY--TOPICAL TERM
Topical term or geographic name as entry element PHYSIOLOGY
942 ## - ADDED ENTRY ELEMENTS (KOHA)
Source of classification or shelving scheme Dewey Decimal Classification
Koha item type Books
Koha issues (borrowed), all copies 1
Holdings
Withdrawn status Lost status Source of classification or shelving scheme Damaged status Not for loan Home library Current library Date acquired Source of acquisition Cost, normal purchase price Serial Enumeration / chronology SGTU Bill Number Total Checkouts Full call number Barcode Date last seen Bill Date Koha item type Date last checked out
    Dewey Decimal Classification     SGT Dental Library SGT Dental Library 13/07/2003 U.B.S.DELHI 425.00 1 SGTU 279   612 S2000K FD672 09/02/2015 03/02/2012 Books  
    Dewey Decimal Classification     SGT Dental Library SGT Dental Library 13/07/2003 U.B.S.DELHI 425.00 1 SGTU 279   612 S2000K FD673 09/02/2015 03/02/2012 Books  
    Dewey Decimal Classification     SGT Dental Library SGT Dental Library 13/07/2003 U.B.S.DELHI 425.00 1 SGTU 279 1 612 S2000K FD674 30/11/2022 03/02/2012 Books 15/11/2022